|
|
|
|
| LEADER |
00000cam a2200000 7i4500 |
| 001 |
0000001267 |
| 005 |
20140402.0 |
| 020 |
0 |
0 |
|a 9251012512
|
| 090 |
0 |
0 |
|a FAO634.90951
|b FOR 1982
|
| 245 |
0 |
0 |
|a FORESTRY in China
|
| 260 |
0 |
0 |
|a Rome :
|b Food and Agriculture Organization of the United Nations ,
|c 1982
|
| 300 |
|
|
|a (307) p. :
|b ill. ;
|c 30 cm.
|
| 440 |
0 |
0 |
|a FAO forestry paper ; 35
|
| 500 |
0 |
0 |
|a Bibliography : [p. 280-305]
|
| 650 |
0 |
0 |
|a Forests and forestry
|z China
|
| 710 |
1 |
1 |
|a Food and Agriculture Organization of the United Nations (FAO)
|
| 998 |
|
|
|a JPSM
|
| 999 |
|
|
|a 0000002206
|b Monograph
|c Food and Agriculture Organization
|e Default branch
|